El genio y el santo en Schopenhauer : dos vías de liberación del teatro del mundo = Genius and the Saint in Schopenhauer : two ways of liberation from the theatre of the word /

Bibliographic Details
Main Author: Rosas Rodríguez, Ana María (Author)
Format: Electronic eBook
Language:Spanish
Published: Bogotá : Editorial Uniagustiniana, 2018.
Series:Colección Humanidades y ciencias sociales (Editorial Uniagustiniana)
Subjects:
Online Access:Digitalia Hispánica

MARC

LEADER 00000nam a2200000Ii 4500
001 DIGUAGANA0002
003 NyNyDIG
006 m o d
007 cr |||||||||||
008 250303s2018 ck a ob 000 0 spa d
035 |a (OCoLC)1507371006 
040 |a DGITA  |b eng  |e rda  |e pn  |c DGITA 
020 |a 9789585639510  |q (digital) 
020 |z 9789585639503  |q (impreso) 
041 0 |a spa  |b spa  |b eng 
050 1 4 |a B3100 ebook 
100 1 |a Rosas Rodríguez, Ana María,  |e author. 
245 1 3 |a El genio y el santo en Schopenhauer :  |b dos vías de liberación del teatro del mundo = Genius and the Saint in Schopenhauer : two ways of liberation from the theatre of the word /  |c Ana María Rosas Rodríguez, autora. 
246 1 |i English title on cover:  |a Genius and the Saint in Schopenhauer :  |b two ways of liberation from the theatre of the word 
264 1 |a Bogotá :  |b Editorial Uniagustiniana,  |c 2018. 
300 |a 1 online resource :  |b illustrations. 
336 |a text  |b txt  |2 rdacontent 
337 |a computer  |b c  |2 rdamedia 
338 |a online resource  |b cr  |2 rdacarrier 
347 |a text file  |2 rdaft 
347 |b PDF 
490 1 |a Colección Humanidades y ciencias sociales 
504 |a Includes bibliographical references. 
546 |a Text in Spanish with abstract in Spanish and English. 
588 0 |a Online resource; title from PDF title page (Digitalia, viewed March 3, 2025) 
600 1 0 |a Schopenhauer, Arthur, 1788-1860  |x Criticism and interpretation. 
650 0 |a Representation (Philosophy) 
776 0 8 |i Print version:  |a Rosas Rodríguez, Ana María.  |t Genio y el santo en Schopenhauer.  |d Bogotá : Editorial Uniagustiniana, 2018  |z 9789585639503 
791 2 |a Digitalia (Firm),  |e distributor. 
793 0 |g Digitalia eBook Collection:  |a Editorial Uniagustiniana 
830 0 |a Colección Humanidades y ciencias sociales (Editorial Uniagustiniana) 
856 4 0 |3 Digitalia Hispánica  |u https://www.digitaliapublishing.com/a/162791/ 
910 |a Premium collection: 2025